| 000 | 03051cam a22004814i 4500 | ||
|---|---|---|---|
| 003 | PE-LiUPU | ||
| 005 | 20250731172907.0 | ||
| 008 | 170126s2016 miu rb 001 0 eng d | ||
| 020 | _a0802872891 | ||
| 020 | _a9780802872890 | ||
| 035 | _a(Sirsi) a166592 | ||
| 040 |
_aPE-LiUPU _bspa _cPE-LiUPU _erda |
||
| 049 | _aPRUA | ||
| 082 | 0 | 4 |
_a229.92052 _bN49 _223 |
| 245 | 0 | 0 |
_aNew Testament apocrypha : _bmore noncanonical scriptures / _cTony Burke and Brent Landau. |
| 264 | 1 |
_aMichigan : _bWilliam B. Eerdmans Publishing Company, _c2016. |
|
| 300 |
_a585 páginas ; _c25 centimetros |
||
| 336 |
_atext _2rdacontent |
||
| 337 |
_aunmediated _2rdamedia |
||
| 338 |
_avolume _2rdacarrier |
||
| 505 | 0 | 4 | _aVolume I. Foreword: The endurance of the Christian apocrypha / J. K. Elliott -- I. Gospels and related traditions of New Testament Figures. The Legend of Aphroditianus ; The Revelation of the Magi ; The Hopsitality of Dysmas -- The Infancy Gospel of Thomas (Syriac) ; On the Priesthood of Jesus ; Papyrus Oxyrhynchus 210 ; Papyrus Oxyrhunchus 5072 ; The Dialogue of the Paralytic with Christ ; The Toledot Yeshu (Aramaic Fragment) ; The Berlin-Strasbourg Apocryphon ; The Discourse of the Savior and the Dance of the Savior ; An Encomium on Mary Magdalene ; The Encomium on John the Baptist ; The Life and Martyrdom of John the Baptist ; The Life of John the Baptist by Serapion / The Legend of the thirty Pieces of Silver ; The Death of Judas according to Papias -- II. Apocryphal Acts and Related Traditions. The Acts of Barnabas ; The Acts of Cornelius the Centurion ; John and the Robber ; The History of Simon Cephas, the Chief of the Apostles ; The Acts of Timothy ; The Acts of Titus ; The Life and Conduct of the Holy Women Xanthippe, Polyxena, and Rebecca -- III. Epistles. The Epistle of Chirst in Heaven ; The Epistles of Pseudo-Dionysius the Areopagite to Timothy concerning the Deaths of the Apostles Peter and Paul -- IV. Apocalypses. The (Latin) Revelation of John about Antichrist ; The Apocalypse of the Virgin ; The Tiburtine Sibyl ; The Investiture of Abbaton, the Angel of Death. |
| 526 | _aSEG42 | ||
| 526 | _aSEG41 | ||
| 526 | _aSEG40 | ||
| 526 | _aSEG39 | ||
| 526 | _aP94 | ||
| 526 | _aP87 | ||
| 526 | _aP86 | ||
| 526 | _aP85 | ||
| 526 | _aP77 | ||
| 526 | _aP76 | ||
| 526 | _aP35 | ||
| 650 | 0 | 4 | _aNuevo testamento, libros apócrifos. |
| 700 | 1 |
_aBurke, Tony, _eeditor. |
|
| 700 | 1 |
_aLandau, Brent, _eeditor. |
|
| 910 |
_adbm _bksl _cksl _d20171220 |
||
| 596 | _a1 | ||
| 942 |
_2ddc _cBOOK |
||
| 999 |
_a229.92052 N49 _wLC _c15333 _i75294 _f2021-11-9 _g5 _lCCODEBUL1 _mBUL _p75.00 _r0 _sY _tBOOK _u2017-1-26 _xTEOLOGIA _PP85 _0COMPRA _o.STAFF. Colección Teología _d15333 |
||
| 999 |
_a229.92052 N49 _wLC _c2 _i77715 _d2018-5-2 _f2021-11-9 _g4 _lCCODEBUL1 _mBUL _p45.10 _q1 _r0 _sY _tBOOK _u2017-12-20 _xTEOLOGIA _PP85 _0COMPRA _o.STAFF. Colección Teología |
||
| 980 |
_81 _gALBERTO SANCHEZ Responsable de Automatización |
||